| 000 | 00352 a2200157 4500 | ||
|---|---|---|---|
| 001 | 152817 | ||
| 040 | _cEscola São Tomás de Aquino | ||
| 100 | _aCOLASANTI, Marina | ||
| 240 | 1 | 0 |
_aUm amor sem palavras _lpor |
| 245 | 1 | 0 | _aUm amor sem palavras |
| 300 | _a16 | ||
| 362 | 0 | _a2001 | |
| 440 | 1 | _aGlobal | |
| 697 | _a*LITERATURA INFANTO | ||
| 942 | _cBK | ||
| 999 |
_c152817 _d152817 |
||